000 00539nam a22001937a 4500
005 20180619123934.0
008 180619b xxu||||| |||| 00| 0 eng d
010 _aB-018171
020 _c0.00
035 _aB-018171
037 _bBPPD/PUB
082 _a481
100 _aBhatia H.S.
245 _aConversation made easy :
_cby H.S. Bhatia
260 _aDelhi
_bRamesh publishing house
270 _a4457, nai sarak, Delhi
300 _aviii; 360 p.
_c23cm. (Hb.)
942 _adpl
_cEN
_k481 / BHA
_2ddc
_h481
_mBHA
999 _c152822
_d152822